000 00592nam a2200217Ia 4500
005 20250508165502.0
008 008 250505s9999 xx 000 0 eng d
020 _a978-0-415-64539-3
037 _aTextBook
040 _aFEDL
_beng
_cFEDL
041 _aeng
_2eng
084 _a370.19, WAL/R
_qFEDL
100 _aWalker Stephen Ed.
245 0 _aGender, class and education
260 _aLondon, UK
_bRoutledge
_c1983
300 _axi, 235p.
365 _aGBP
_b26.95
700 _a Barton Len Ed.
_9780984
942 _cTB
_h370.19, WAL/R
999 _c1395369
_d1395369